000 06431cam a22018974i 4500
003 PE-LiUPU
005 20250813165722.0
008 150625s2007 sp a r 000 0 spa d
020 _a8479788305
020 _a9788479788308
035 _a(Sirsi) i9788479788308
040 _aPE-LiUPU
_bspa
_cPE-LiUPU
_dPE-LiUPU
_erda
049 _aPRUA
082 0 4 _a614.2535
_bG
_221
082 0 4 _a614.21
_bA95 2007
245 0 3 _aLa gestión de enfermería y la división médica como dirección asistencial /
_cDirector, Diego Ayuso Murillo.
264 1 _aEspaña :
_bEdiciones Díaz de Santos,
_c2007.
300 _a597 páginas :
_bilustraciones ;
_c24 centímetros
336 _atext
_2rdacontent
337 _aunmediated
_2rdamedia
338 _avolume
_2rdacarrier
505 0 _aGestión clínica y gestión por procesos -- La integración de la dirección médica y enfermería, como dirección asistencial, siguiendo el modelo EFQM -- La historia clínica informatizada -- La bioética en la práctica asistencial -- El problema de los efectos adversos relacionados con la asistencia sanitaria. El riesgo asistencial -- La investigación biomédica y de enfermería -- La formación continuada en ciencias de la salud -- La gestión de los recursos materiales equipamiento e inversiones -- Los servicios de prevención de riesgos laborales y el comité de seguridad y salud en el trabajo -- Gestión de pacientes en atención especializada, .organización y gestión del área de urgencias hospitalarias -- Gestión enfermera de unidades de diálisis -- La gestión en las unidades de cuidados críticos -- La gestión del bloque obstétrico -- La gestión en un servicio de ginecología -- La gestión en los servicios de pediatría -- Gestión del bloque quirúrgico y de la lista de espera -- La gestión en el área de los servicios médicos -- La gestión de los servicios de traumatología y cirugía ortopédica -- Gestión integral de los laboratorios como servicios centrales -- La gestión en los servicios de radiodiagnóstico -- La gestión en los servicios de medicina nuclear.
526 _aP203
526 _aP200
526 _aSEG65
526 _aSEG64
526 _aSEG63
526 _aSEG62
526 _aSEG61
526 _aSEG60
526 _aSEG59
526 _aSEG58
526 _aSEG57
526 _aSEG56
526 _aSEG55
526 _aSEG54
526 _aSEG53
526 _aSEG52
526 _aSEG51
526 _aSEG50
526 _aSEG49
526 _aSEG48
526 _aSEG47
526 _aSEG46
526 _aSEG24
526 _aSEG23
526 _aSEG22
526 _aSEG21
526 _aSEG20
526 _aSEG19
526 _aSEG18
526 _aSEG17
526 _aSEG16
526 _aSEG14
526 _aSEG13
526 _aSEG12
526 _aSEG11
526 _aSEG10
526 _aSEG09
526 _aSEG06
526 _aSEG05
526 _aSEG04
526 _aSEG03
526 _aSEG02
526 _aSEG68
526 _aSEG66
526 _aSEG45
526 _aSEG25
526 _aSEG01
526 _aP163
526 _aP162
526 _aP161
526 _aP160
526 _aP159
526 _aP158
526 _aP157
526 _aP156
526 _aP155
526 _aP154
526 _aP153
526 _aP152
526 _aP151
526 _aP150
526 _aP149
526 _aP142
526 _aP141
526 _aP140
526 _aP139
526 _aP138
526 _aP137
526 _aP132
526 _aP131
526 _aP130
526 _aP126
526 _aP125
526 _aP124
526 _aP123
526 _aP115
526 _aP122
526 _aP121
526 _aP116
526 _a P114
526 _aP112
526 _aP111
526 _aP104
526 _aP103
526 _aP102
526 _aP101
526 _aP100
526 _aP96
526 _aP95
526 _aP93
526 _aP92
526 _aP91
526 _aP88
526 _aP83
526 _aP82
526 _aP79
526 _aP78
526 _aP75
526 _aP74
526 _aP71
526 _aP69
526 _a P51
526 _aP49
526 _aP48
526 _aP47
526 _aP33
526 _aP31
526 _a P30
526 _aP29
526 _aP27
526 _aP26
526 _aP25
526 _aP24
526 _a P22
526 _aP10
526 _aP09
526 _a P08
526 _aP06
526 _aP05
526 _aP04
526 _aP01
541 _g3838;
541 _g015-0011456;
650 0 4 _aAsistencia sanitaria
_xEnfermería.
650 0 4 _aEnfermería
_xGestión.
650 0 4 _aSalud pública
_xAdministración.
700 1 _aAyuso Murillo, Diego,
_edirector.
910 _bjv
_clch20100427
942 _2ddc
_cBOOK
949 _a614.21 A95 2007
_wDEWEY
_cFJ06421
_lCCODEBUJ1
_mBUJ
_p86.00
_r0
_sY
_tBOOK
_u2015-9-16
_xSALUD
_PP22
_0COMPRA
_o.STAFF. Colección General Juliaca
949 _a614.2535 G
_wDEWEY
_c1
_i61502
_lCCODEBUL1
_mBUL
_p86.00
_r0
_sY
_tBOOK
_u2015-6-25
_xSALUD
_PP22
_0COMPRA
_o.CIRCNOTE. No olvidar cambiar la fecha de devolución!!!!!!!
_o.STAFF. Colección Ciencias de la Salud
949 _aPGS 614.2535 G
_wDEWEY
_c2
_i59213
_lCCODEBUL1
_mBUL
_p27.00
_r0
_sY
_tBOOK
_u2015-6-25
_xSALUD
_PP82
_0COMPRA
_o.CIRCNOTE. No olvidar cambiar la fecha de devolución!!!!!!!
_o.STAFF. Colección Ciencias de la Salud
994 _aC0
_bPEPRU
596 _a1 3
999 _a614.2535 G
_wDEWEY
_c48019
_i61502
_f2021-11-4
_g5
_lCCODEBUL1
_mBUL
_p86.00
_r0
_sY
_tBOOK
_u2015-6-25
_xSALUD
_zP22
_0COMPRA
_o.CIRCNOTE. No olvidar cambiar la fecha de devolución!!!!!!!
_o.STAFF. Colección Ciencias de la Salud
_d48019
999 _aPGS 614.2535 G
_wDEWEY
_c2
_i59213
_e2017-5-25
_f2021-11-4
_g5
_lCCODEBUL1
_mBUL
_n1
_p27.00
_r0
_sY
_tBOOK
_u2015-6-25
_xSALUD
_PP82
_0COMPRA
_o.CIRCNOTE. No olvidar cambiar la fecha de devolución!!!!!!!
_o.STAFF. Colección General
999 _a614.21 A95 2007
_wDEWEY
_c1
_iFJ06421
_f2022-1-25
_g3
_lCCODEBUJ1
_mBUJ
_p86.00
_r0
_sY
_tBOOK
_u2015-9-16
_xSALUD
_PP22
_0COMPRA
_o.STAFF. Colección General Juliaca
980 _81
_gALBERTO SANCHEZ Responsable de Automatización